[Event "40th Olympiad Women"]
[Site "Istanbul TUR"]
[Date "2012.08.31"]
[Round "4.46"]
[Board "2"]
[White "Guindy, Esmat"]
[Black "Gray, Krishna"]
[Result "1-0"]
[WhiteTitle "WFM"]
[WhiteElo "2132"]
[BlackElo "1728"]
[WhiteTeam "Denmark"]
[BlackTeam "Jamaica"]
[WhiteFideId "1401637"]
[BlackFideId "7400659"]
[EventDate "2012.08.28"]

1. d4 d5 2. c4 c6 3. Nc3 Nf6 4. Bg5 g6 5. cxd5 Nxd5 6. Nf3 Bg7 7. Qb3 O-O 8. e4
Nb6 9. Rd1 Be6 10. Qc2 Re8 11. Be2 N8d7 12. O-O Qc7 13. Rc1 Rac8 14. Rfd1 a6 15.
b4 Nf6 16. h3 Bd7 17. a4 e6 18. a5 Na8 19. Na4 Nh5 20. Qd2 f6 21. Be3 Rcd8 22.
g4 Ng3 23. Bd3 Nh5 24. gxh5 gxh5 25. Bh6 Re7 26. Kh1 e5 27. Rg1 Bxh3 28. Rg3 Qc8
29. d5 Rd6 1-0

[Event "40th Olympiad Women"]
[Site "Istanbul TUR"]
[Date "2012.08.31"]
[Round "4.46"]
[Board "3"]
[White "Zhu, Hui"]
[Black "Fredericia, Louise"]
[Result "0-1"]
[WhiteTitle "WCM"]
[BlackTitle "WFM"]
[WhiteElo "1952"]
[BlackElo "2091"]
[WhiteTeam "Jamaica"]
[BlackTeam "Denmark"]
[WhiteFideId "7400390"]
[BlackFideId "1404113"]
[EventDate "2012.08.28"]

1. e4 g6 2. d4 Bg7 3. Be3 d6 4. Nc3 a6 5. Qd2 Nd7 6. f3 e5 7. dxe5 Nxe5 8. Bg5
f6 9. Be3 Be6 10. Bd3 Qd7 11. Nge2 O-O-O 12. Nf4 Bf7 13. Nfd5 Ne7 14. Qe2 Bxd5
15. Nxd5 Nxd5 16. exd5 Rde8 17. O-O-O f5 18. Qd2 f4 19. Bxf4 Nxd3+ 20. Qxd3 Qa4
21. Bd2 Qxa2 22. Qa3 Qxd5 23. Kb1 Qc4 24. Rhe1 Re2 25. Rg1 Rhe8 26. Qb4 Qc6 27.
Rge1 Rxg2 28. Rxe8+ Qxe8 29. Qf4 Qe5 30. Qxe5 Bxe5 31. f4 Bf6 32. Kc1 Rxh2 33.
Kb1 Kd7 0-1

[Event "40th Olympiad Women"]
[Site "Istanbul TUR"]
[Date "2012.08.31"]
[Round "4.47"]
[Board "1"]
[White "Zepeda, Lorena"]
[Black "Nakagawa, Emiko"]
[Result "1-0"]
[WhiteTitle "WIM"]
[BlackTitle "WCM"]
[WhiteElo "2139"]
[BlackElo "1798"]
[WhiteTeam "El Salvador"]
[BlackTeam "Japan"]
[WhiteFideId "6700233"]
[BlackFideId "7000480"]
[EventDate "2012.08.28"]

1. e4 c6 2. d4 d5 3. Nc3 dxe4 4. Nxe4 Nd7 5. Nf3 Ngf6 6. Ng3 e6 7. Bd3 Bd6 8.
O-O O-O 9. Qe2 Qc7 10. Re1 c5 11. c3 b6 12. Ne5 Bb7 13. Bg5 h6 14. Nxd7 Nxd7 15.
Bxh6 gxh6 16. Qh5 Bf4 17. Rxe6 Rfe8 18. Qg4+ Kh8 19. Qf5 Nf8 20. Rf6 Bg5 21.
Rxf7 1-0

[Event "40th Olympiad Women"]
[Site "Istanbul TUR"]
[Date "2012.08.31"]
[Round "4.47"]
[Board "4"]
[White "Hoshino, Karen"]
[Black "Garcia, Alcira"]
[Result "0-1"]
[WhiteElo "1640"]
[BlackElo "1782"]
[WhiteTeam "Japan"]
[BlackTeam "El Salvador"]
[WhiteFideId "2137984"]
[BlackFideId "6702945"]
[EventDate "2012.08.28"]

1. d4 d5 2. c4 e6 3. Nc3 c5 4. e3 Nf6 5. Nf3 Nc6 6. b3 a6 7. Bb2 cxd4 8. exd4
Be7 9. cxd5 exd5 10. h3 O-O 11. Bd3 Re8 12. O-O Qc7 13. Rc1 Qf4 14. Ne2 Qh6 15.
a3 Ne4 16. Nc3 Bd6 17. Nxd5 Bf5 18. Re1 Re6 19. Ne3 Bxh3 20. gxh3 Qxh3 21. Bxe4
Rxe4 22. Nf1 Rg4+ 23. Ng3 Bxg3 24. fxg3 Qxg3+ 25. Kh1 Qg2# 0-1

[Event "40th Olympiad Women"]
[Site "Istanbul TUR"]
[Date "2012.08.31"]
[Round "4.48"]
[Board "4"]
[White "Awad, Omaima"]
[Black "Reyes Jara, Paula"]
[Result "0-1"]
[WhiteTitle "WCM"]
[WhiteElo "1675"]
[BlackElo "2115"]
[WhiteTeam "Yemen"]
[BlackTeam "Chile"]
[WhiteFideId "9400117"]
[BlackFideId "3403920"]
[EventDate "2012.08.28"]

1. e4 e5 2. Nf3 Nc6 3. Bb5 a6 4. Ba4 Nf6 5. Qe2 b5 6. Bb3 Bc5 7. c3 O-O 8. d3 d5
9. Bg5 dxe4 10. dxe4 Qe7 11. O-O Bb7 12. Bd5 Rad8 13. Nbd2 h6 14. Bxf6 Qxf6 15.
a4 b4 16. Nb3 Be7 17. cxb4 Nd4 18. Nbxd4 Bxd5 19. Nf5 Bxb4 20. Nxh6+ gxh6 21.
exd5 Rxd5 22. Qe4 Qd6 23. Qg4+ Kh8 24. Rac1 f5 25. Qc4 c5 26. Qe2 Qf6 27. Rfd1
Rfd8 28. b3 e4 29. Ne1 Rd2 30. Rxd2 Rxd2 31. Qh5 Qe6 32. Rd1 e3 33. Rxd2 exd2 0-1

[Event "40th Olympiad Women"]
[Site "Istanbul TUR"]
[Date "2012.08.31"]
[Round "4.49"]
[Board "2"]
[White "Chen, I-Chen"]
[Black "Munoz, Doribel"]
[Result "0-1"]
[BlackTitle "WCM"]
[WhiteElo "1684"]
[BlackElo "1933"]
[WhiteTeam "Chinese Taipei"]
[BlackTeam "Dominican Republic"]
[WhiteFideId "16300181"]
[BlackFideId "6400574"]
[EventDate "2012.08.28"]

1. e4 e5 2. Nf3 d6 3. d4 Nd7 4. Bc4 Be7 5. c3 Ngf6 6. Nbd2 O-O 7. O-O h6 8. Re1
c6 9. Bb3 Re8 10. Nf1 Qc7 11. Ng3 Nf8 12. Nh4 Be6 13. Nhf5 Bxb3 14. axb3 Ng6 15.
Qf3 Kh7 16. h4 Ng8 17. Nxg7 Kxg7 18. h5 Nh4 19. Qg4+ Kh8 20. Nf5 Nxf5 21. Qxf5
Bf8 22. g4 Qc8 23. Qxf7 Qxg4+ 24. Kf1 Re7 25. Qf5 Qxf5 26. exf5 exd4 27. Bf4 Rf7
28. Re6 Rxf5 29. Bxd6 Bxd6 30. Rxd6 Rxh5 31. Ke2 Re5+ 32. Kd3 dxc3 33. bxc3 Rd5+
34. Rxd5 cxd5 35. Kd4 Nf6 36. b4 Kg7 37. Re1 Kf7 38. f3 a6 39. Rh1 h5 40. Rg1 h4
41. Rh1 Rc8 42. Rh2 Kg6 43. Re2 Rc4+ 44. Kd3 Kf5 45. Rh2 Kf4 46. Rxh4+ Kxf3 47.
Rxc4 dxc4+ 48. Kxc4 b6 49. Kd4 Kf4 50. c4 Kf5 51. c5 b5 52. c6 Ke6 53. c7 Kd7
54. c8=Q+ Kxc8 55. Kc5 Kb7 56. Kd6 Kb6 0-1

[Event "40th Olympiad Women"]
[Site "Istanbul TUR"]
[Date "2012.08.31"]
[Round "4.49"]
[Board "4"]
[White "Wang, Mi"]
[Black "Hazim, Elizabeth"]
[Result "0-1"]
[BlackTitle "WCM"]
[WhiteElo "1533"]
[BlackElo "1834"]
[WhiteTeam "Chinese Taipei"]
[BlackTeam "Dominican Republic"]
[WhiteFideId "16300483"]
[BlackFideId "6400183"]
[EventDate "2012.08.28"]

1. e4 c5 2. Nf3 Nc6 3. d4 cxd4 4. Nxd4 Nf6 5. Nc3 e5 6. Ndb5 d6 7. Bg5 a6 8. Na3
Be6 9. Bc4 Rc8 10. Nd5 Bxd5 11. Bxd5 Be7 12. Bxf6 Bxf6 13. c3 O-O 14. O-O g6 15.
Nc2 Kh8 16. Ne3 Bg5 17. Re1 Bxe3 18. Rxe3 Qb6 19. Qb3 Qxb3 20. Bxb3 Na5 21. Bd5
Kg7 22. Rd1 Rfd8 23. Rf3 Rc7 24. g4 h6 25. h4 f6 26. Kg2 Nc6 27. Rg1 g5 28. hxg5
hxg5 29. Rh1 Ne7 30. Rfh3 Nxd5 31. Rh7+ Kf8 32. Rh8+ Ke7 33. R1h7+ Ke6 34. exd5+
Kxd5 35. Rxc7 Rxh8 36. Rxb7 Ra8 37. Kf3 a5 38. Ke3 a4 39. f3 Rc8 40. Kd3 Ra8 41.
c4+ Ke6 42. Kc3 Rh8 43. Kb4 Rh3 44. Kxa4 Rxf3 45. Rb8 Rf4 46. Kb5 Rxg4 47. a4 e4
48. a5 Rg2 49. b4 Ra2 50. Kc6 g4 51. Kb7 g3 52. a6 Kf7 53. a7 g2 54. a8=Q Rxa8
55. Rxa8 g1=Q 56. b5 e3 57. Kc7 e2 58. b6 Qc5+ 0-1

[Event "40th Olympiad Women"]
[Site "Istanbul TUR"]
[Date "2012.08.31"]
[Round "4.50"]
[Board "1"]
[White "Khoudgarian, Natalia"]
[Black "Wang, Chengjia"]
[Result "1/2-1/2"]
[WhiteTitle "WIM"]
[WhiteElo "2158"]
[BlackElo "1988"]
[WhiteTeam "Canada"]
[BlackTeam "South Korea"]
[WhiteFideId "2602121"]
[BlackFideId "8601844"]
[EventDate "2012.08.28"]

1. e4 c5 2. Nf3 Nc6 3. c3 d5 4. exd5 Qxd5 5. d4 cxd4 6. cxd4 Bg4 7. Be2 Nf6 8.
Nc3 Qa5 9. O-O e6 10. Qb3 Qb4 11. Be3 Qxb3 12. axb3 Bb4 13. h3 Bh5 14. g4 Bg6
15. Ne5 O-O 16. Bf3 Nxe5 17. dxe5 Nd7 18. Bxb7 Rab8 19. Rxa7 Nxe5 20. Rfa1 Nd3
21. Ne4 Rxb7 22. Rxb7 Bxe4 23. Rxb4 Nxb4 24. Ra4 Rb8 25. Bd2 Bc6 26. Rxb4 Rxb4
27. Bxb4 Bd5 28. Bd6 Bxb3 29. f4 h6 30. Kf2 Kh7 31. Be7 f6 32. Ke3 Kg6 33. Kd4
Kf7 34. Bd6 g5 35. fxg5 hxg5 36. Bg3 Bd5 37. b4 Bg2 38. h4 gxh4 39. Bxh4 Bf3 40.
g5 fxg5 41. Bxg5 1/2-1/2

[Event "40th Olympiad Women"]
[Site "Istanbul TUR"]
[Date "2012.08.31"]
[Round "4.50"]
[Board "2"]
[White "Kim, Taegyeong"]
[Black "Peng, Jackie"]
[Result "0-1"]
[WhiteTitle "WCM"]
[BlackTitle "WCM"]
[WhiteElo "1536"]
[BlackElo "2009"]
[WhiteTeam "South Korea"]
[BlackTeam "Canada"]
[WhiteFideId "13200976"]
[BlackFideId "2609819"]
[EventDate "2012.08.28"]

1. d4 Nf6 2. c4 g6 3. Nc3 Bg7 4. e4 d6 5. Nf3 O-O 6. Be2 e5 7. dxe5 dxe5 8. Qxd8
Rxd8 9. Bg5 c6 10. Nxe5 Re8 11. Rd1 Na6 12. Rd6 Nxe4 13. Nxe4 Bxe5 14. Nf6+ Bxf6
15. Bxf6 Bf5 16. Kd2 Nc5 17. f3 Nd7 18. Bc3 Kf8 19. g4 Be6 20. h4 Ke7 21. Rd4
Rad8 22. Kc2 Kf8 23. Bd3 h6 24. Rf4 Kg8 25. Bd4 Nb6 26. b3 Rd7 27. Kc3 Red8 28.
Bc2 Re8 29. h5 g5 30. Rf6 Rxd4 31. Kxd4 Kg7 32. Rxe6 fxe6 33. Re1 Kf6 34. Bf5
Rd8+ 35. Kc3 exf5 36. gxf5 Kxf5 0-1

[Event "40th Olympiad Women"]
[Site "Istanbul TUR"]
[Date "2012.08.31"]
[Round "4.50"]
[Board "3"]
[White "Orlova, Yelizaveta"]
[Black "Oh, Minah"]
[Result "1-0"]
[WhiteTitle "WCM"]
[BlackTitle "WCM"]
[WhiteElo "1947"]
[BlackElo "1522"]
[WhiteTeam "Canada"]
[BlackTeam "South Korea"]
[WhiteFideId "2601826"]
[BlackFideId "13201239"]
[EventDate "2012.08.28"]

1. Nf3 d5 2. b3 Nc6 3. Bb2 Nf6 4. e3 Bg4 5. Bb5 Qd7 6. h3 Bxf3 7. Qxf3 a6 8.
Bxc6 Qxc6 9. c4 O-O-O 10. d4 Rg8 11. Nd2 e6 12. a3 g5 13. Qxf6 dxc4 14. bxc4
Qxg2 15. Qf3 Qxf3 16. Nxf3 f6 17. O-O-O Rd6 18. Kb1 b6 19. Ka2 Bg7 20. c5 Rd7
21. cxb6 cxb6 22. Rc1+ Kb7 23. Rc2 Rc8 24. Rxc8 Kxc8 25. Rc1+ Rc7 26. Rxc7+ Kxc7
27. d5 exd5 28. Nxg5 fxg5 29. Bxg7 Kd6 30. Bh6 Ke5 31. Bxg5 b5 32. Kb3 a5 33.
Kc3 Ke4 34. f4 h5 35. h4 b4+ 36. axb4 axb4+ 37. Kxb4 d4 38. exd4 Kxd4 39. f5 Ke5
40. f6 Ke6 41. Kc5 1-0

[Event "40th Olympiad Women"]
[Site "Istanbul TUR"]
[Date "2012.08.31"]
[Round "4.50"]
[Board "4"]
[White "Cho, Yeonhee"]
[Black "Botez, Alexandra"]
[Result "0-1"]
[BlackTitle "WCM"]
[WhiteElo "1542"]
[BlackElo "2009"]
[WhiteTeam "South Korea"]
[BlackTeam "Canada"]
[WhiteFideId "13201190"]
[BlackFideId "2603365"]
[EventDate "2012.08.28"]

1. e4 e6 2. d3 d5 3. Nd2 Nf6 4. Be2 c5 5. Ngf3 Nc6 6. O-O Be7 7. Re1 Qc7 8. c3
b6 9. Bf1 d4 10. cxd4 cxd4 11. e5 Nd7 12. Nb3 Bc5 13. Bd2 O-O 14. Rc1 Qb8 15. a4
a5 16. g3 Bb7 17. Bg2 Qa7 18. Re4 Ne7 19. Rh4 Ng6 20. Rh3 h6 21. Rc2 Ndxe5 22.
Nxe5 Bxg2 23. Kxg2 Nxe5 24. Bf4 Qb7+ 25. Kf1 Qh1+ 26. Ke2 Qf3+ 27. Ke1 Bb4+ 28.
Bd2 Nxd3+ 29. Kf1 Qxf2# 0-1

[Event "40th Olympiad Women"]
[Site "Istanbul TUR"]
[Date "2012.08.31"]
[Round "4.51"]
[Board "2"]
[White "Giulian, Rosemary A"]
[Black "Amoko, Ivy Claire"]
[Result "1/2-1/2"]
[WhiteElo "1894"]
[BlackElo "1705"]
[WhiteTeam "Scotland"]
[BlackTeam "Uganda"]
[WhiteFideId "2400375"]
[BlackFideId "10000291"]
[EventDate "2012.08.28"]

1. e4 e6 2. d4 d5 3. Nd2 c5 4. exd5 Qxd5 5. dxc5 Bxc5 6. Ngf3 Nf6 7. Bc4 Qd8 8.
O-O O-O 9. Qe2 a6 10. a4 Qc7 11. Ne5 Bd6 12. Ndf3 b6 13. b3 Bb7 14. Bb2 Nbd7 15.
h3 Nxe5 16. Nxe5 Rac8 17. Rfd1 Nd5 18. Nd3 Ne7 19. Rac1 Qc6 20. Ne1 Bf4 21. Ra1
Ng6 22. Bxa6 Bxa6 23. Qxa6 Qc5 24. Ba3 Qc3 25. Bxf8 Rxf8 26. Qxb6 Bc7 27. Qb5
Rb8 28. Qd3 Qe5 29. Nf3 Qf6 30. Qe4 h6 31. Rab1 Qc3 32. Rd7 Ba5 33. Qd3 Qc5 34.
c4 Bb6 35. Qe2 Nf4 36. Qd2 Qf5 37. Rd1 Nxh3+ 38. Kf1 Nxf2 39. Qd6 Qc5 40. Qxb8+
Kh7 41. Qd6 Qe3 42. Qg3 Nxd1 43. Rxd1 Kg8 44. Qb8+ Kh7 45. Qg3 Kg8 46. Qb8+ Kh7
47. Qg3 Kg8 48. Qb8+ 1/2-1/2

[Event "40th Olympiad Women"]
[Site "Istanbul TUR"]
[Date "2012.08.31"]
[Round "4.53"]
[Board "3"]
[White "Atthaworadej, Worasuda"]
[Black "Masiyazi, Rhoda"]
[Result "1-0"]
[WhiteElo "1638"]
[BlackElo "2005"]
[WhiteTeam "Thailand"]
[BlackTeam "Zimbabwe"]
[WhiteFideId "6201563"]
[BlackFideId "11000090"]
[EventDate "2012.08.28"]

1. e4 e5 2. Nf3 d6 3. d4 exd4 4. Nxd4 a6 5. Nc3 h6 6. Bd3 Nf6 7. O-O Be7 8. Re1
Bg4 9. f3 Bh5 10. Be3 Nbd7 11. Qd2 Ne5 12. Nf5 Rg8 13. Be2 Qd7 14. Nd5 Nxd5 15.
Qxd5 c6 16. Qb3 Bf8 17. Ng3 g6 18. Rad1 b5 19. Bd4 Qe6 20. Qxe6+ fxe6 21. Nxh5
gxh5 22. f4 Nd7 23. Bxh5+ Ke7 24. Bf2 Bg7 25. Bh4+ Bf6 26. Bxf6+ Nxf6 27. Bf3
Rac8 28. Rd2 c5 29. e5 dxe5 30. Rxe5 Nd7 31. Re1 Rgf8 32. g3 Rf6 33. Bg4 c4 34.
Rde2 Rc6 35. c3 a5 36. Bf3 Rd6 37. Re3 Nc5 38. Rd1 Rxd1+ 39. Bxd1 Nd3 40. Re2
Kd6 41. Rd2 Kc6 42. Be2 Nc5 43. Bf3+ Kc7 44. Kf2 Rf7 45. Ke3 Rd7 46. Rxd7+ Kxd7
47. Kd4 Kd6 48. Be4 Nd7 49. g4 e5+ 50. fxe5+ Nxe5 51. h3 a4 52. a3 Nf7 53. h4
Nd8 54. Bd5 Ke7 55. Ke4 1-0

[Event "40th Olympiad Women"]
[Site "Istanbul TUR"]
[Date "2012.08.31"]
[Round "4.54"]
[Board "1"]
[White "Al-khelaifi, Aisha"]
[Black "Baktach, Nesrine"]
[Result "1-0"]
[WhiteElo "1688"]
[BlackElo "1760"]
[WhiteTeam "Qatar"]
[BlackTeam "Tunisia"]
[WhiteFideId "12100625"]
[BlackFideId "5501628"]
[EventDate "2012.08.28"]

1. e4 d5 2. exd5 Qxd5 3. Nc3 Qa5 4. d4 Nf6 5. Bd3 c6 6. h3 Bf5 7. Ne2 Bxd3 8.
Qxd3 e6 9. Bf4 Be7 10. O-O O-O 11. Ng3 Qd8 12. Rad1 Nbd7 13. Rfe1 Rc8 14. Nge4
Nxe4 15. Nxe4 Nf6 16. Ng5 h6 17. Nf3 c5 18. Qe2 Qb6 19. c3 cxd4 20. Nxd4 Rfe8
21. Be3 Nd5 22. Bc1 Bc5 23. Qg4 Nf6 24. Qg3 Bd6 25. Qf3 Rcd8 26. b3 Be7 27. Re5
Nd5 28. c4 Bf6 29. Re4 Ne7 30. Be3 Qa6 31. a4 Nf5 32. Nxf5 Rxd1+ 33. Qxd1 Rd8
34. Qf3 exf5 35. Qxf5 Rd1+ 36. Kh2 Qd6+ 37. g3 g6 38. Qc8+ Bd8 39. Qxb7 Kf8 40.
Bxh6+ Kg8 41. Bf4 Qd3 42. Re8+ Kg7 43. Be5+ Bf6 44. Bxf6+ Kxf6 45. Qe7+ Kg7 46.
Qe5+ 1-0

[Event "40th Olympiad Women"]
[Site "Istanbul TUR"]
[Date "2012.08.31"]
[Round "4.54"]
[Board "2"]
[White "Krifa, Najla"]
[Black "Al-khulaifi, Ghada"]
[Result "1/2-1/2"]
[WhiteTitle "WFM"]
[WhiteElo "1782"]
[BlackElo "1646"]
[WhiteTeam "Tunisia"]
[BlackTeam "Qatar"]
[WhiteFideId "5501040"]
[BlackFideId "12100633"]
[EventDate "2012.08.28"]

1. e4 e5 2. Bc4 Nf6 3. d3 d5 4. exd5 Nxd5 5. Nf3 Nc6 6. O-O Bg4 7. c3 Be7 8. Re1
O-O 9. Nbd2 a6 10. Nf1 b5 11. Bb3 Bh5 12. Ng3 Bg4 13. h3 Be6 14. d4 f6 15. Ne4
Kh8 16. dxe5 Nxe5 17. Nd4 Bf7 18. Nf5 c6 19. Nxe7 Qxe7 20. Ng3 Qa7 21. Bxd5 Bxd5
22. Be3 Qf7 23. Qh5 Qxh5 24. Nxh5 Nd3 25. Re2 Rfe8 26. Rd2 Be4 27. Nf4 Nxf4 28.
Bxf4 g5 29. Be3 Rad8 30. Rad1 Rxd2 31. Rxd2 Bd5 32. a3 Kg7 33. Kh2 1/2-1/2

[Event "40th Olympiad Women"]
[Site "Istanbul TUR"]
[Date "2012.08.31"]
[Round "4.54"]
[Board "3"]
[White "Al-khulaifi, Fatima A."]
[Black "Marzouk, Amira"]
[Result "1-0"]
[BlackTitle "WCM"]
[WhiteElo "1583"]
[BlackElo "1694"]
[WhiteTeam "Qatar"]
[BlackTeam "Tunisia"]
[WhiteFideId "12100382"]
[BlackFideId "5501148"]
[EventDate "2012.08.28"]

1. c4 e5 2. Nc3 Nc6 3. e4 Bc5 4. d3 d6 5. Nge2 f5 6. f4 Nd4 7. Nxd4 Bxd4 8. Nb5
Bb6 9. exf5 Bxf5 10. fxe5 a6 11. Nc3 dxe5 12. Qf3 Bg6 13. Qxb7 Ne7 14. Bg5 O-O
15. Nd5 Bf2+ 16. Kd1 Bc5 17. Qxc7 Qxc7 18. Nxc7 Ra7 19. Ne6 Rc8 20. Nxc5 Rxc5
21. Be3 Rcc7 22. Bxa7 Rxa7 23. Be2 Nf5 24. Kd2 Nd4 25. Rhf1 Rb7 26. b3 a5 27.
Bf3 Rd7 28. Bd5+ Bf7 29. Rxf7 1-0

[Event "40th Olympiad Women"]
[Site "Istanbul TUR"]
[Date "2012.08.31"]
[Round "4.58"]
[Board "2"]
[White "Mtine, Joy"]
[Black "Soondarsingh, Aditi"]
[Result "1-0"]
[WhiteElo "2050"]
[BlackElo "1772"]
[WhiteTeam "Zambia"]
[BlackTeam "Trinidad & Tobago"]
[WhiteFideId "8700206"]
[BlackFideId "7700598"]
[EventDate "2012.08.28"]

1. d4 Nf6 2. c4 c6 3. Nf3 d5 4. e3 g6 5. Be2 Bg7 6. O-O O-O 7. Nc3 dxc4 8. Bxc4
Bg4 9. Be2 Nbd7 10. Re1 Bxf3 11. Bxf3 e5 12. Rb1 Re8 13. d5 e4 14. dxc6 bxc6 15.
Be2 Qc7 16. b4 Rad8 17. Qc2 Ne5 18. Nb5 Qb7 19. Nd4 Bf8 20. a3 Nd5 21. Bb2 Nf6
22. f3 exf3 23. Nxf3 Nxf3+ 24. Bxf3 Nd5 25. Bxd5 Rxd5 26. Qc3 Rde5 27. Rbc1 Bh6
28. Kh1 R8e6 29. Rcd1 Qc7 30. Qd4 f5 31. Qd8+ Qxd8 32. Rxd8+ Re8 33. Rxe8+ Rxe8
34. Bd4 a6 35. g3 Kf7 36. Kg2 Re4 37. Kf3 Ke6 38. h3 Kd5 39. Rc1 Kd6 40. Rc5 Kc7
41. g4 Bf8 42. Ra5 Re6 43. Rxa6 fxg4+ 44. hxg4 Re8 45. Ra7+ Kd6 46. Rxh7 Ke6 47.
Rb7 Bh6 48. a4 Bf8 49. a5 Ra8 50. Ra7 Rxa7 51. Bxa7 Bxb4 52. a6 Kd7 53. Bb6 Kc8
54. Kf4 c5 55. Ke4 c4 56. Kd4 c3 57. Kd3 Kb8 58. e4 Ka8 59. e5 Kb8 60. e6 Ka8
61. Bd4 Be7 62. Kxc3 Bd8 63. Bc5 Bf6+ 64. Kc4 Kb8 65. Kd5 Bg5 66. Kd6 Bf4+ 67.
Kd7 Bg5 68. e7 Bxe7 69. Kxe7 g5 70. Kf6 Ka8 71. Kxg5 Kb8 72. Kf5 Ka8 73. g5 1-0

[Event "40th Olympiad Women"]
[Site "Istanbul TUR"]
[Date "2012.08.31"]
[Round "4.58"]
[Board "3"]
[White "Smith, Javanna"]
[Black "Mbatha, Constance"]
[Result "1-0"]
[WhiteTitle "WCM"]
[WhiteElo "1689"]
[BlackElo "1746"]
[WhiteTeam "Trinidad & Tobago"]
[BlackTeam "Zambia"]
[WhiteFideId "7700466"]
[BlackFideId "8700591"]
[EventDate "2012.08.28"]

1. e4 e5 2. Nf3 d6 3. d4 Nd7 4. Be3 Ngf6 5. Nc3 Be7 6. dxe5 dxe5 7. Bc4 O-O 8.
h3 b6 9. O-O h6 10. Nd5 Bd6 11. Nd2 Bb7 12. f4 Nxd5 13. exd5 exf4 14. Bxf4 Bxf4
15. Rxf4 Nf6 16. Ne4 Nxe4 17. Rxe4 Qf6 18. c3 Rae8 19. Qe2 Qd8 20. Re1 Rxe4 21.
Qxe4 Qd6 22. Bd3 g6 23. c4 Bc8 24. Qe3 Qb4 25. Re2 Kg7 26. Qe5+ Kg8 27. Qxc7 Qa4
28. b3 Qa3 29. Kh2 Qc1 30. Qg3 Kg7 31. Re7 Qg5 32. Qxg5 hxg5 33. Rxa7 Bf5 34.
Bxf5 gxf5 35. d6 Rd8 36. d7 Kf6 37. Rb7 Ke5 38. a4 Kf4 39. a5 g4 40. a6 g3+ 41.
Kg1 f6 42. a7 Ke3 43. Kf1 f4 44. Rxb6 f5 45. Re6+ Kd4 46. Re8 Rxd7 47. a8=Q Kc3
48. Qf3+ Rd3 49. Qxf4 1-0

[Event "40th Olympiad Women"]
[Site "Istanbul TUR"]
[Date "2012.08.31"]
[Round "4.59"]
[Board "2"]
[White "Blackman, Katrina"]
[Black "Siddiqui, Nida Mishraz"]
[Result "1-0"]
[WhiteElo "1594"]
[BlackElo "1670"]
[WhiteTeam "Barbados"]
[BlackTeam "Pakistan"]
[WhiteFideId "11100540"]
[BlackFideId "7800495"]
[EventDate "2012.08.28"]

1. e4 e5 2. Nf3 Nc6 3. Bc4 Nf6 4. d3 Be7 5. c3 O-O 6. O-O d6 7. Bb3 Bg4 8. Nbd2
d5 9. exd5 Nxd5 10. h3 Bh5 11. Re1 Nf4 12. Bc2 Re8 13. Ne4 Nd5 14. Ng3 Bxf3 15.
Qxf3 Bf6 16. Bb3 Nde7 17. Nh5 Ng6 18. Bg5 Rf8 19. Nxf6+ gxf6 20. Bxf6 Qd6 21. h4
Na5 22. Bc2 Rae8 23. h5 Re6 24. Bg5 Ne7 25. d4 f6 26. Bh6 Rf7 27. Qg4+ Kh8 28.
dxe5 fxe5 29. Bg5 Rg7 30. Rad1 Nd5 31. c4 h6 32. Rxd5 Qc6 33. Rd8+ Re8 34. Rxe8+
Qxe8 35. Bf6 Qg8 36. Rxe5 Qf7 37. Re8+ Qxe8 38. Qxg7# 1-0

[Event "40th Olympiad Women"]
[Site "Istanbul TUR"]
[Date "2012.08.31"]
[Round "4.60"]
[Board "1"]
[White "Gedvilaite, Monika"]
[Black "Rosalina, Sonia"]
[Result "1-0"]
[WhiteElo "1985"]
[BlackElo "1797"]
[WhiteTeam "Ireland"]
[BlackTeam "Angola"]
[WhiteFideId "12809780"]
[BlackFideId "10100164"]
[EventDate "2012.08.28"]

1. e4 e5 2. Nc3 Nc6 3. Bc4 Bc5 4. Qg4 Bf8 5. Qg3 Nf6 6. Nf3 d6 7. Ng5 Be6 8.
Bxe6 fxe6 9. Nxe6 Qe7 10. Nd5 Nxd5 11. exd5 Nd8 12. Nxd8 Qxd8 13. O-O Qf6 14. d4
Be7 15. dxe5 Qxe5 16. Qxe5 dxe5 17. Re1 Bd6 18. f4 O-O 19. fxe5 Rae8 20. e6 Rf5
21. c4 h5 22. Be3 b6 23. Bd4 a6 24. Rf1 Ref8 25. g3 g6 26. Rxf5 Rxf5 27. Rf1
Rxf1+ 28. Kxf1 Kf8 29. Ke2 Ke7 30. Kd3 h4 31. gxh4 Bxh2 32. Be3 Be5 33. b4 Bf6
34. Bg5 1-0

[Event "40th Olympiad Women"]
[Site "Istanbul TUR"]
[Date "2012.08.31"]
[Round "4.60"]
[Board "2"]
[White "Gabriel, Irineia G"]
[Black "Ui Laighleis, Gearoidin"]
[Result "0-1"]
[BlackTitle "WCM"]
[WhiteElo "1492"]
[BlackElo "1894"]
[WhiteTeam "Angola"]
[BlackTeam "Ireland"]
[WhiteFideId "10100776"]
[BlackFideId "2501171"]
[EventDate "2012.08.28"]

1. e4 e6 2. d4 d5 3. e5 c5 4. c3 Nc6 5. Nf3 Qb6 6. a3 Nh6 7. Bd3 Nf5 8. Bxf5
exf5 9. b4 cxd4 10. cxd4 Be6 11. O-O Be7 12. Nc3 O-O 13. Qd3 Rac8 14. Ne2 a6 15.
Be3 Na7 16. Ng3 Qb5 17. Qd2 Rc4 18. Bg5 f6 19. exf6 Bxf6 20. Bxf6 Rxf6 21. Ne5
Qe8 22. Nxc4 dxc4 23. d5 Bd7 24. Rfe1 Qg6 25. Qf4 Rd6 26. Qxc4 b5 27. Qc7 Nc8
28. Qd8+ Kf7 29. Re5 Qf6 30. Qxf6+ Kxf6 31. Rae1 g6 32. h4 Nb6 33. h5 Nxd5 34.
hxg6 hxg6 35. R5e2 Nf4 36. Rc2 Be6 37. Ne2 Nh5 38. Rc7 Bc4 39. Ng3 Nf4 40. Ree7
Be6 41. Re8 Rd1+ 42. Kh2 Rd2 43. Nf1 Rxf2 44. Ne3 Re2 45. Rc3 Kf7 46. Ra8 g5 47.
Rxa6 g4 48. Kg1 Re1+ 49. Kf2 Re2+ 50. Kf1 Rd2 51. g3 Nh3 52. Ke1 Rd7 53. Rcc6
Ng5 54. Rd6 Rc7 55. Rac6 Nf3+ 56. Kf2 Re7 57. Ng2 Ng5 58. Rd8 Ne4+ 59. Ke3 Nxg3
60. Kf4 Ne2+ 61. Kg5 Ng3 62. Nf4 Ne4+ 0-1